000 00730nam a22002537a 4500
999 _c424886
_d424886
001 44785
003 UA-OsUOA
005 20191007093156.0
007 ta
008 20110216b un ||||| |||| 00| 0 ukr d
040 _aUA-OsUOA
_bukr
_cUA-OsUOA
_dUA-OsUOA
041 _aukr
080 _a24
090 _a24
_bО-65
100 _aОріон Я.
245 _a1000-ліття християнства
_bЯ. Оріон
260 _bВідродження
_c1983
300 _a40 с.
650 7 _a2 Релігія. Теологія.
_2UDC
942 _cBR
_2udc
955 _a4